[Event "ISR-chT (Women)"]
[Site "Ramat Gan"]
[Date "2023.07.08"]
[Round "5.1"]
[White "Brusilovski, Lena"]
[Black "Tashkinova, Sofiia"]
[Result "0-1"]
[WhiteElo "1775"]
[BlackElo "2024"]
[PlyCount "84"]
[EventDate "2023.07.06"]
[EventType "team-swiss"]
[EventRounds "5"]
[EventCountry "ISR"]
[SourceTitle "CBM 215 Extra"]
[Source "ChessBase"]
[SourceDate "2023.09.30"]
[SourceVersion "1"]
[SourceVersionDate "2023.09.30"]
[SourceQuality "1"]
[WhiteTeam "Beer Sheva (W)"]
[BlackTeam "Rishon Le Zion (W)"]
[WhiteTeamCountry "ISR"]
[BlackTeamCountry "ISR"]

1. e4 e6 2. d4 d5 3. Nc3 Nf6 4. Bg5 dxe4 5. Nxe4 Be7 6. Bxf6 gxf6 7. Nf3 f5 8. Ng3 h5 9. h4 c5 10. Bb5+ Kf8 11. Be2 Nc6 12. c3 cxd4 13. Nxd4 Ne5 14. Bxh5 Bxh4 15. Be2 Ng6 16. Qa4 Qe7 17. Nf3 Bd7 18. Bb5 Bxb5 19. Qxb5 Bxg3 20. Rxh8+ Nxh8 21. fxg3 Rd8 22. Qa4 Ng6 23. Qxa7 Qc7 24. Qf2 Ne5 25. Nxe5 Qxe5+ 26. Kf1 Rd3 27. Qf4 Qd5 28. Qb4+ Kg7 29. c4 Qe5 30. Re1 Qxg3 31. c5 f4 32. Re4 e5 33. Qe1 Qg4 34. Re2 e4 35. Rd2 f3 36. Rf2 Qh4 37. gxf3 Qh1+ 38. Ke2 exf3+ 39. Kxd3 Qxe1 40. Rxf3 Qc1 41. b4 Qa3+ 42. Ke2 Qxa2+ 0-1

[Event "Ramat Gan op"]
[Site "Ramat Gan"]
[Date "2023.02.20"]
[Round "5"]
[White "Tashkinova, Sofiia"]
[Black "Chernomordik, Pavel"]
[Result "0-1"]
[WhiteElo "1928"]
[BlackElo "2198"]
[PlyCount "186"]
[EventDate "2023.01.16"]
[EventType "swiss"]
[EventRounds "7"]
[EventCountry "ISR"]
[SourceTitle "CBM 213 Extra"]
[Source "ChessBase"]
[SourceDate "2023.05.31"]
[SourceVersion "1"]
[SourceVersionDate "2023.05.31"]
[SourceQuality "1"]

1. e4 g6 2. d4 Bg7 3. Nc3 a6 4. Nf3 b5 5. Be3 Bb7 6. h4 h5 7. Ng5 b4 8. Nd5 Nf6 9. Bc4 e6 10. Nxf6+ Qxf6 11. c3 Qe7 12. Bd3 c5 13. 0-0 cxd4 14. cxd4 Nc6 15. Be2 e5 16. d5 Nd4 17. Rc1 0-0 18. f4 Nxe2+ 19. Qxe2 exf4 20. Rxf4 f6 21. d6 Qe8 22. Qc4+ Kh8 23. Qxb4 Bc6 24. Nh3 Rb8 25. Qd2 Bxe4 26. Rcf1 Bf5 27. Rxf5 gxf5 28. Rxf5 Qg6 29. Qd5 Rb5 30. Bc5 Bh6 31. Qf3 Be3+ 32. Qxe3 Qxf5 33. b4 Rbb8 34. Qh6+ Kg8 35. Qd2 Rbe8 36. Nf4 Re5 37. Bd4 Re4 38. Be3 Rfe8 39. Nd5 Qe5 40. Bf2 Kg7 41. Nc7 Rg8 42. Qd3 Kh8 43. Qd2 Rg6 44. Nd5 Re2 45. Qd3 Qe4 46. Qxe4 Rxe4 47. a4 f5 48. Bc5 Rc4 49. Nb6 Rc1+ 50. Kf2 a5 51. Nxd7 axb4 52. Bxb4 Kg8 53. Ne5 Re6 54. d7 Rd1 55. Ba5 Red6 56. d8Q+ Rxd8 57. Bxd8 Rxd8 58. Nc6 Rd2+ 59. Kf3 Kf7 60. a5 Ra2 61. g3 Ke6 62. Nd4+ Ke5 63. Nc6+ Kd6 64. Nd8 Kd7 65. Nb7 Kc6 66. Nd8+ Kc7 67. Ne6+ Kd6 68. Nd8 Ra4 69. Ke3 Kd7 70. Nb7 Kc7 71. Nc5 Rg4 72. Kf3 Kd6 73. Nd3 Ra4 74. Nf4 Ra3+ 75. Kg2 Rxa5 76. Nxh5 Ke5 77. Nf4 Ke4 78. Ne6 Ra2+ 79. Kh3 Kf3 80. Nd4+ Ke4 81. Ne6 Ke5 82. Nf4 Ra3 83. Kg2 Ke4 84. Ne6 Rc3 85. Ng5+ Ke3 86. Ne6 Rc2+ 87. Kh3 Rc6 88. Nf4 Kf3 89. Nd3 Rc3 90. Nf4 Rc1 91. Kh2 Kg4 92. h5 Rc2+ 93. Kg1 Kxg3 0-1

[Event "ISR-ch (Women)"]
[Site "Arad"]
[Date "2022.12.08"]
[Round "4"]
[White "Levitan, Ronit"]
[Black "Tashkinova, Sofiia"]
[Result "1-0"]
[WhiteElo "1973"]
[BlackElo "1919"]
[PlyCount "133"]
[EventDate "2022.12.05"]
[EventType "tourn"]
[EventRounds "9"]
[EventCountry "ISR"]
[SourceTitle "CBM 211 Extra"]
[Source "ChessBase"]
[SourceDate "2023.01.31"]
[SourceVersion "1"]
[SourceVersionDate "2023.01.31"]
[SourceQuality "1"]

1. e4 e6 2. d4 d5 3. exd5 exd5 4. Nf3 Nc6 5. Bd3 Bd6 6. 0-0 Nge7 7. c3 Bg4 8. Re1 Qd7 9. Nbd2 0-0 10. Nf1 Bf5 11. Bb5 a6 12. Ba4 b5 13. Bb3 Na5 14. Bc2 Nc4 15. b3 Nb6 16. Ng3 Bxc2 17. Qxc2 f6 18. a4 bxa4 19. bxa4 Nc4 20. Nd2 Qc6 21. Nxc4 Qxc4 22. Ba3 Bxa3 23. Rxa3 Rfe8 24. Raa1 Ng6 25. Qf5 Rad8 26. Rxe8+ Rxe8 27. Qd7 Kf8 28. Nf5 Ne7 29. Re1 Qxc3 30. Qe6 Qc6 31. Qxc6 Nxc6 32. Rc1 g6 33. Ne3 Nxd4 34. Rxc7 Rd8 35. Rxh7 Ne2+ 36. Kf1 Nc3 37. Rh8+ Ke7 38. Rh7+ Ke6 39. Ra7 Rd6 40. a5 d4 41. Nc4 d3 42. Nd2 Rc6 43. Nb3 Nb5 44. Rxa6 Rxa6 45. Nc5+ Kd5 46. Nxa6 Kc4 47. Ke1 Kc3 48. Kd1 f5 49. Nc5 Kd4 50. Na4 Kc4 51. Kd2 Kb4 52. Nb2 Kxa5 53. Nxd3 Kb6 54. h4 Nd6 55. Ke3 Kc7 56. Ne5 Kd8 57. Nxg6 Ke8 58. Kf4 Kf7 59. Ne5+ Kf6 60. f3 Ne8 61. Nd7+ Ke6 62. Nb6 Ng7 63. Kg5 Ne8 64. Kg6 Nd6 65. h5 Nf7 66. h6 Ne5+ 67. Kg7 1-0

[Event "EU-ch (Women) 22nd"]
[Site "Prague"]
[Date "2022.08.23"]
[Round "4"]
[White "Van Foreest, Machteld"]
[Black "Tashkinova, Sofiia"]
[Result "1-0"]
[WhiteElo "2235"]
[BlackElo "2011"]
[PlyCount "48"]
[EventDate "2022.08.20"]
[EventType "swiss"]
[EventRounds "11"]
[EventCountry "CZE"]
[SourceTitle "CBM 209 Extra"]
[Source "ChessBase"]
[SourceDate "2022.09.30"]
[SourceVersion "1"]
[SourceVersionDate "2022.09.30"]
[SourceQuality "1"]

1. e4 e6 2. d4 d5 3. Nc3 Nf6 4. e5 Nfd7 5. f4 c5 6. Nf3 b6 7. Be3 Be7 8. Qd2 Ba6 9. Bxa6 Nxa6 10. 0-0 Rc8 11. Nb5 Ra8 12. f5 exf5 13. Ng5 h6 14. Nh3 Nc7 15. Nxc7+ Qxc7 16. Nf4 Qc6 17. dxc5 Bxc5 18. Rae1 d4 19. Bf2 Be7 20. Bxd4 Bb4 21. Kf2 Bd6 22. Ne6 Nc5 23. a3 Na4 24. c4 Nc5 1-0

[Event "ISR-chT U18"]
[Site "Beer Yaakov"]
[Date "2022.08.15"]
[Round "4.2"]
[White "Tashkinova, Sofiia"]
[Black "Vagman, Roy"]
[Result "0-1"]
[WhiteElo "2011"]
[BlackElo "2313"]
[PlyCount "84"]
[EventDate "2022.08.14"]
[EventType "team-swiss"]
[EventRounds "7"]
[EventCountry "ISR"]
[SourceTitle "CBM 209 Extra"]
[Source "ChessBase"]
[SourceDate "2022.09.30"]
[SourceVersion "1"]
[SourceVersionDate "2022.09.30"]
[SourceQuality "1"]

1. e4 e5 2. Nf3 Nc6 3. Bc4 Bc5 4. d3 Nf6 5. 0-0 d6 6. c3 h6 7. Be3 Bxe3 8. fxe3 Na5 9. Bb5+ c6 10. Ba4 b5 11. Bc2 Qb6 12. Qe2 b4 13. c4 0-0 14. Nbd2 Be6 15. Nh4 d5 16. Nf5 Bxf5 17. Rxf5 dxc4 18. dxc4 Rfe8 19. Raf1 Re6 20. Bb3 Qc5 21. Bc2 Rd8 22. Nb3 Qxc4 23. Qf2 Nb7 24. Bb1 Nd6 25. Nd2 Qb5 26. Rf3 Nc4 27. Nxc4 Qxc4 28. Qg3 Rdd6 29. Rf5 Qe2 30. R5f2 Qb5 31. Bc2 c5 32. Rf5 c4 33. Qf3 Kf8 34. Rd1 Qc5 35. Re1 g6 36. Rxf6 Rxf6 37. Qh3 Kg7 38. Qg3 Rd2 39. Bd1 c3 40. bxc3 bxc3 41. Bb3 c2 42. h4 c1Q 0-1